[Event "SC Kreuzberg IM 2018"]
[Site "Berlin"]
[Date "2018.08.05"]
[Round "7.2"]
[White "Malek, Daniel"]
[Black "Berger, Steve"]
[Result "0-1"]
[WhiteElo "2383"]
[BlackElo "2428"]
[Annotator "TA"]
[PlyCount "68"]
[EventDate "2018.08.06"]
[EventType "tourn"]
[EventCountry "GER"]
[SourceTitle "playchess.com"]
[Source "ChessBase"]
[SourceQuality "1"]

{[%evp 25,68,13,6,20,11,14,17,0,18,1,19,0,7,0,0,0,0,0,-8,-19,0,-8,0,-19,-25,-28,-25,-25,-17,-56,0,-91,-91,-110,-75,-430,-335,-689,-678,-1238,-1212,-29985,-29986,-29988,-29989]} 1. c4 c5 2. Nf3 Nc6 3. Nc3 g6 4. e3 Nf6 5. d4 cxd4 6. exd4 d5 7. cxd5 Nxd5 8. Qb3 Nxc3 9. Bc4 e6 10. bxc3 Bd7 11. Be2 {A35: Symmetrical English: 2 Nc3 Nc6 3 Nf3} Na5 12. Qc2 Bg7 13. Ba3 {[#]} Bf8 $146 {LiveBook: 6 Games} 14. Bxf8 Kxf8 15. O-O Kg7 16. Ne5 Rc8 17. Rfd1 f6 18. Ng4 {[%cal Be5g4,Bg4e3,Be3d5][%mdl 32]} Qe7 19. Qd2 h5 20. Ne3 Rhd8 21. c4 b6 22. Qb2 Ba4 23. Rd2 e5 24. Rc1 exd4 25. Nd5 Qe5 {Hoping for ...Nxc4!} 26. f4 Qd6 $36 {[%mdl 2048] Black has some pressure.} 27. Rxd4 Qc5 (27... Nc6 $15 28. Re4 Re8 29. Rxe8 Rxe8) 28. Kf1 {[#]} (28. Kh1 $11 Qd6 29. Bf3) 28... Rd6 $1 $17 29. Qc3 Bc6 30. Bf3 $2 {[%mdl 8192]} (30. Rd3 $17) 30... Bb5 31. Qe3 $2 (31. cxb5 Qxb5+ 32. Kg1 Rxc3 33. Rxc3) 31... Nxc4 $19 {[%cal Ba5c4,Bc4d2,Bd2f3][%mdl 32]} 32. Qe7+ {[#]} Kh6 $1 33. Nxf6 Nd2+ 34. Ke1 Nxf3+ {Precision: White = 26%, Black = 68%.} 0-1

[Event "SC Kreuzberg IM 2018"]
[Site "Berlin"]
[Date "2018.08.05"]
[Round "7.3"]
[White "Sandu, Mihaela"]
[Black "Meissner, Felix"]
[Result "1-0"]
[WhiteElo "2268"]
[BlackElo "2330"]
[Annotator "TA"]
[PlyCount "131"]
[EventDate "2018.08.06"]
[EventType "tourn"]
[EventCountry "GER"]
[SourceTitle "playchess.com"]
[Source "ChessBase"]
[SourceQuality "1"]

{[%evp 28,131,22,0,0,-14,33,33,27,23,48,52,52,43,72,64,62,63,91,91,124,132,122,112,127,124,200,191,183,200,193,193,191,175,168,146,173,169,179,168,266,266,266,266,301,281,268,245,251,242,250,223,271,269,272,266,229,202,347,357,416,416,423,398,29990,29991,29991,514,503,503,430,299,287,261,449,439,422,420,515,189,191,196,439,379,513,498,477,474,436,258,222,203,636,605,12844,12844,12846,12846,12847,12847,12847,12848,12848,12849,12849,12850]} 1. e4 c5 2. Nf3 d6 3. d4 cxd4 4. Nxd4 Nf6 5. Nc3 a6 6. Be2 e5 7. Nb3 Be7 8. O-O O-O 9. Be3 Be6 10. Qd2 Nbd7 11. a4 Qc7 12. a5 Rac8 13. Rfd1 Rfd8 14. Qe1 h6 {B92: Sicilian Najdorf: 6 Be2} (14... Qc6 15. Bf3 h6 16. Nc1 Qc7 17. h3 Re8 18. Nb3 Qb8 19. Rac1 Bd8 20. Ra1 Rc4 21. Nd2 Rc6 22. Nf1 {½-½ (42) Hou,Y (2653)-Yu,Y (2734) Danzhou 2016}) 15. Rd2 {[#] LiveBook: 8 Games} Qb8 $146 ({Predecessor:} 15... Re8 16. h3 Qb8 17. Ra4 Nf8 18. Nd5 Nxd5 19. exd5 Bd7 20. Rb4 Qa8 21. c4 f5 22. Bh5 {0-1 (54) Petrik,T (2457)-Dziuba,M (2554) Czech Republic 2017}) 16. f3 Nf8 {The position is equal.} (16... Rxc3 $5 17. bxc3 d5 $11) 17. Qd1 Ng6 18. g3 Bf8 19. Bb6 Re8 20. Nc1 {[%cal Bb3c1,Bc1a2,Ba2b4][%mdl 32]} Rc6 21. Be3 Ne7 22. N1a2 Qc7 23. Nb4 Rxc3 24. Bb6 (24. bxc3 $6 Qxc3 25. Nd3 d5 $15) 24... Qc8 25. bxc3 Qxc3 26. Rb1 Bc4 (26... Nd7 $16 {might work better.}) 27. Bxc4 $18 (27. Rxd6 $6 Nc8 $16) 27... Qxc4 28. Qf1 Qe6 29. c4 Rc8 30. Nd5 Nc6 31. Ra2 Be7 32. Be3 $36 {[%mdl 2048] White has strong initiative.} Rb8 33. Rab2 Bd8 (33... Nxa5 $142 34. Bb6 Nc6) 34. Rxb7 Rxb7 35. Rxb7 Bxa5 36. Qd1 Qc8 37. Nxf6+ gxf6 38. Rb1 Bb4 39. Bxh6 {Rxb4! is the strong threat.} Bc5+ 40. Kg2 a5 41. f4 exf4 42. Bxf4 Qe6 (42... Nb4 $142 43. Qe2 (43. Bxd6 Bxd6 44. Qxd6 Qxc4 $16) 43... Qe6) 43. Qd5 Qg4 44. Qf5 ({And not} 44. Qxc6 Qe2+ 45. Kh3 Qh5+ 46. Kg2 Qe2+ 47. Kh3 Qh5+ 48. Kg2 Qe2+ $11) 44... Qe2+ 45. Kh3 Qd3 $2 (45... Bb4 $18 46. Ra1 Qb2) 46. Bh6 Be3 47. Rb6 (47. Qc8+ $142 Nd8 48. Qxd8+ Kh7 49. Qf8 $1 {[%mdl 512]} Qf1+ 50. Rxf1 Bxh6 51. Qxf7+ Bg7 52. Rxf6 Kh8 53. Rg6 Kh7 54. Qxg7#) 47... Bxh6 48. Rxc6 {[%mdl 4096] Endgame KQR-KQB} Bg5 49. Ra6 Qd1 50. Qf2 ({Resist} 50. Rxa5 $6 Qh5+ 51. Kg2 Qe2+ 52. Qf2 Qxe4+ 53. Qf3 Qc2+ 54. Kh3 Qh7+ 55. Kg4 Qxh2 $18) 50... a4 $2 (50... Qd3 51. Rxa5 Qxe4) 51. Kg2 Qd3 52. h4 Qxe4+ 53. Kh2 $2 (53. Qf3 Qxc4 54. Ra8+ Kg7 55. hxg5 fxg5 56. Kh3) 53... Be3 54. Qxf6 Bd4 $2 (54... Bc5 55. Qf4 Qxf4 56. gxf4 a3) 55. Qg5+ Kh7 56. Qh5+ Kg7 57. Rxd6 {White wants to mate with Qh6+.} Bf6 58. Qd5 (58. c5 $142) 58... Qe2+ 59. Kh3 $1 {Threatens to win with Qf5.} a3 $2 {[#]} (59... Qf1+ 60. Qg2 Qf5+ 61. Kh2 Qg4) 60. Qf5 $1 {[%cal Rf5f6] White is clearly winning.} Qb2 {intending ...a2.} 61. h5 {[%cal Bh4h5,Bh5h6][%mdl 32] Threatening mate with h6+!} a2 {[#]} 62. h6+ $1 Kh8 (62... Kxh6 63. Rxf6+) 63. Rxf6 a1=Q 64. Qc8+ Kh7 65. Rxf7+ Kxh6 66. Qe6+ {Precision: White = 73%, Black = 41%.} 1-0

[Event "SC Kreuzberg IM 2018"]
[Site "Berlin"]
[Date "2018.08.05"]
[Round "7.4"]
[White "Muse, Drazen"]
[Black "Glantz, Robert"]
[Result "1/2-1/2"]
[WhiteElo "2361"]
[BlackElo "2336"]
[Annotator "NA"]
[PlyCount "142"]
[EventDate "2018.08.06"]
[EventType "tourn"]
[EventCountry "GER"]
[SourceTitle "playchess.com"]
[Source "ChessBase"]
[SourceQuality "1"]
[TimeControl "40/5400+30:1800+30"]

1. Nf3 {[%emt 1:28:03]} Nf6 {[%emt 1:30:10]} 2. c4 {[%emt 1:28:28]} g6 {[%emt 1:28:57]} 3. Nc3 {[%emt 1:28:25]} Bg7 {[%emt 1:29:09]} 4. d4 {[%emt 1:26:22]} O-O {[%emt 1:28:21]} 5. Bg5 {[%emt 1:26:02]} d6 {[%emt 1:27:05]} 6. e3 {[%emt 1:26:13]} c5 {[%emt 1:25:06] LiveBook: 446 Games} 7. Be2 {[%emt 1:26:26]} cxd4 {[%emt 1:21:16]} 8. exd4 {[%emt 1:26:44]} Bf5 {[%emt 1:15:48] E61: King's Indian: Early deviations for White, including Smyslov System} 9. O-O {[%emt 1:24:57]} Ne4 {[%emt 1:13:15]} 10. Nxe4 {[%emt 1:25:09]} Bxe4 {[%emt 1:13:37]} 11. Qd2 {[%emt 1:25:35]} Nc6 {[%emt 1:10:35]} 12. d5 {[%emt 1:25:16]} Bxf3 {[%emt 1:08:16]} 13. Bxf3 {[%emt 1:22:50]} Ne5 {[%emt 1:03:48]} 14. Be2 {[%emt 1:21:30]} a5 {[%emt 0:58:08]} 15. Rac1 $146 {[%emt 1:19:33]} ({Predecessor:} 15. Rfe1 Re8 16. Rac1 Nd7 17. Bg4 Nc5 18. Re2 Bf6 19. Be3 Rb8 20. Bxc5 dxc5 21. a4 {½-½ (21) Abrashkin,B (2379)-Kruppa,Y (2544) Samara 2002}) 15... Nd7 {[%emt 0:55:48]} 16. Rfe1 {[%emt 1:18:57]} Nc5 {[%emt 0:49:06]} 17. Bf3 {[%emt 1:17:31]} Re8 {[%emt 0:48:23]} 18. b3 {[%emt 1:17:25]} Bf6 {[%emt 0:46:36]} 19. Be3 {[%emt 1:11:29]} Qd7 {[%emt 0:41:16]} 20. Be2 {[%emt 1:11:12]} Qf5 {[%emt 0:37:01]} 21. h3 {[%emt 1:10:31]} h5 {[%emt 0:31:36]} 22. g4 {[%emt 1:07:34]} hxg4 {[%emt 0:31:52]} 23. Bxg4 {[%emt 1:07:28]} Qd3 {[%emt 0:31:17]} 24. Red1 {[%emt 1:07:46]} Qxd2 {[%emt 0:25:52]} 25. Rxd2 {[%emt 1:08:06]} Kg7 {[%emt 0:23:55]} 26. Bf3 {[%emt 1:05:19]} Be5 {[%emt 0:22:27]} 27. Bg2 {[%emt 1:05:02]} Rab8 {[%emt 0:20:48]} 28. f4 {[%emt 1:04:07]} Bf6 {[%emt 0:21:10]} 29. Bf1 {[%emt 1:04:10]} Rh8 {[%emt 0:20:32]} 30. Rb1 {[%emt 1:03:01]} Rh5 {[%emt 0:13:38]} 31. a3 {[%emt 1:01:03]} Ra8 {[%emt 0:13:19]} 32. Kh2 {[%emt 0:58:46]} Rhh8 {[%emt 0:09:47]} 33. Rc2 {[%emt 0:55:04]} Rhc8 {[%emt 0:09:22]} 34. b4 {[%emt 0:54:25]} axb4 {[%emt 0:09:44]} 35. axb4 {[%emt 0:54:52]} Nd7 {[%emt 0:05:28]} 36. c5 {[%emt 0:52:31]} Ra3 {[%emt 0:04:58]} 37. Bc1 {[%emt 0:44:17]} Rc3 {[%emt 0:02:31]} 38. Rxc3 {[%emt 0:44:11]} Bxc3 {[%emt 0:02:59]} 39. Rb3 {[%emt 0:43:47]} Bd4 {[%emt 0:00:58]} 40. Bb5 {[%emt 0:43:44]} Nb8 {[%emt 0:00:17]} 41. c6 {[%emt 0:34:15]} bxc6 {[%emt 0:25:49]} 42. dxc6 {[%emt 1:04:41]} Nxc6 {[%emt 0:24:27]} 43. Bd2 {[%emt 1:01:52]} Bb6 {[%emt 0:19:26]} 44. Rc3 {[%emt 1:00:43]} Na7 {[%emt 0:19:45]} 45. Bd7 {[%emt 1:01:02]} Rxc3 {[%emt 0:18:48]} (45... Rd8 $17 46. Ba4 d5) 46. Bxc3+ {[%emt 1:01:28]} f6 {[%emt 0:18:28]} 47. b5 {[%emt 1:00:55]} Kf7 {[%emt 0:18:36]} 48. Bb4 {[%emt 1:01:11]} d5 {[%emt 0:14:03]} 49. Kg3 {[%emt 0:57:31]} e5 {[%emt 0:13:49]} 50. Bd6 {[%emt 0:52:26]} e4 {[%emt 0:13:24]} 51. f5 {[%emt 0:51:30]} gxf5 {[%emt 0:13:18]} 52. Kf4 {[%emt 0:51:27]} e3 {[%emt 0:12:20]} 53. Bb4 {[%emt 0:49:38] [#]} (53. Kf3 $11 {hält das Gleichgewicht.}) 53... d4 $1 {[%emt 0:11:42]} 54. Bxf5 {[%emt 0:42:37]} Nxb5 {[%emt 0:11:35]} 55. Bd3 {[%emt 0:43:04]} Na7 {[%emt 0:09:46]} 56. Bc4+ {[%emt 0:42:05]} Kg6 {[%emt 0:08:57]} 57. Bd3+ {[%emt 0:42:26]} Kg7 {[%emt 0:08:04]} 58. Bd6 {[%emt 0:42:27]} Nc8 {[%emt 0:05:54]} 59. Ba3 {[%emt 0:42:25]} Na7 {[%emt 0:05:10]} 60. Bd6 {[%emt 0:42:13]} Nc6 {[%emt 0:04:30]} 61. Ke4 {[%emt 0:42:09]} Kf7 {[%emt 0:03:52]} ({Better is} 61... Na5 $17 62. Kf5 Bd8) 62. Bb5 {[%emt 0:41:32]} (62. Kf5 $142) 62... Na7 {[%emt 0:03:26]} 63. Bc4+ {[%emt 0:41:10]} (63. Bd7 $11) 63... Kg6 {[%emt 0:03:46]} 64. Bd3 {[%emt 0:41:18]} Kg5 {[%emt 0:03:39]} 65. Be7 {[%emt 0:40:55]} Nc6 {[%emt 0:03:18] [#]} 66. h4+ $1 {[%emt 0:40:51]} Kxh4 {[%emt 0:03:17]} 67. Bxf6+ {[%emt 0:41:02]} Kg3 $11 {[%emt 0:02:55]} 68. Bb5 {[%emt 0:41:05]} Na7 {[%emt 0:01:01]} 69. Bd3 {[%emt 0:41:05]} Nc6 {[%emt 0:00:50]} 70. Bb5 {[%emt 0:41:30]} Na7 {[%emt 0:00:44]} 71. Bd3 {[%emt 0:41:47]} Nc6 {[%emt 0:00:20]} 1/2-1/2

[Event "SC Kreuzberg IM 2018"]
[Site "Berlin"]
[Date "2018.08.05"]
[Round "7.5"]
[White "Moritz, Aron"]
[Black "Kalinitschew, Sergey"]
[Result "1/2-1/2"]
[WhiteElo "2199"]
[BlackElo "2430"]
[Annotator "TA"]
[PlyCount "116"]
[EventDate "2018.08.06"]
[EventType "tourn"]
[EventCountry "GER"]
[SourceTitle "playchess.com"]
[Source "ChessBase"]
[SourceQuality "1"]

{[%evp 19,116,0,39,0,-7,-54,-62,-71,-45,-66,-51,-139,-85,-87,-101,-117,-115,-114,-107,-97,-75,-147,-132,-246,-92,-94,27,9,18,29,20,0,0,0,0,0,24,26,12,6,36,14,33,0,24,-43,0,0,0,0,0,0,0,0,0,0,33,35,32,0,0,-15,0,-10,-15,-16,-17,-16,-14,-7,41,-64,13,13,13,13,38,13,62,13,13,13,13,13,13,13,161,35,176,176,168,13,13,0,161,0,13,0,145]} 1. e4 c5 2. Nf3 Nc6 3. d4 cxd4 4. Nxd4 e5 5. Nb5 d6 6. Be3 Nf6 7. Bg5 a6 8. Bxf6 gxf6 9. N5c3 f5 10. Qh5 {B44: Sicilian: Taimanov: 5 Nb5} Bg7 {LiveBook: 3 Games} 11. Bc4 {[%csl Gc4][%cal Rh5f7] [#]} ({Much weaker is} 11. exf5 d5 $15) 11... O-O 12. O-O $146 ({Predecessor:} 12. exf5 Nd4 13. Bd3 Re8 14. O-O d5 15. f6 Bxf6 16. Qxh7+ Kf8 17. f3 Ke7 {1-0 (79) Korneev,O (2671)-Franco Ocampos,Z (2530) Seville 2006}) 12... fxe4 13. Nd2 Be6 14. Bxe6 (14. Ncxe4 $2 d5 $17) 14... fxe6 15. Ndxe4 (15. Ncxe4 $15 Qe7 16. c4) 15... Rf5 (15... Nd4 $142 16. Rad1 Qe7) 16. Qh3 Nd4 17. Qd3 d5 18. Ng3 e4 19. Qd2 Rf7 20. Nd1 ({White should try} 20. Nce2 Nc6 21. c3) 20... Qh4 $17 {...Rf6 is the strong threat.} 21. c4 (21. c3 $17 Nc6 22. Qe2) 21... Rd8 $2 (21... Rf6 $19 {and Black stays clearly on top.} 22. h3 (22. Qxd4 $2 Rh6 $19) 22... Rh6) 22. Ne3 Nc6 (22... Qg5 $17 {White must now prevent ...h5.} 23. Rad1 Be5) 23. cxd5 $11 exd5 24. Nef5 Qf6 25. Rad1 Ne5 26. Nxg7 Qxg7 27. Qa5 Nc6 28. Qc5 Qe5 29. Rd2 Ne7 30. Qb6 Rdf8 31. Qe3 h5 32. f4 (32. Rfd1 $11) 32... Qh8 33. Ne2 h4 34. Qb3 b5 35. Nc3 e3 36. Rd3 ({Much worse is} 36. Nxd5 exd2 37. Nxe7+ Kg7 $17) 36... d4 37. Ne4 Nf5 38. Ng5 {Hoping for Rc1.} Qf6 39. Rc1 Qd6 40. Nxf7 Rxf7 41. Qd1 $1 {[%cal Rd1f3] [#] aiming for Qf3.} Qxf4 42. Qf3 $1 {[%cal Rf3f4]} Qxf3 43. gxf3 {[%mdl 4096] Endgame KRR-KRN} h3 44. Kf1 $132 {[%mdl 2048] White is not keeping still} Kh7 45. a4 (45. Rc5 $14) 45... Kg6 (45... bxa4 $15 46. Rc2 Rb7) 46. axb5 axb5 47. Ke2 {White wants to play Rc5.} Rd7 $1 48. Rc5 {next f4 is good for White.} Kf6 49. Rxb5 {Threatens to win with f4.} (49. f4 {keeps more tension.} Ng7 50. Re5 Ne6 51. Kf3 Rh7 52. Re4) 49... Rg7 50. Rxf5+ Kxf5 51. Rxd4 {KR-KR} Rg2+ 52. Kxe3 {And now Rd2 would win.} Rxb2 (52... Rxh2 $11 {and Black has nothing to worry.} 53. Rh4 Rxb2) 53. Rd5+ (53. Rd2 $18 Rb5 54. Kf2) 53... Ke6 (53... Kg6 $1 $14) 54. Rd2 $18 Rb8 55. Rd4 $2 (55. Ra2 $18) 55... Rb2 $11 56. Rd2 (56. Kf4 $11) 56... Rb8 $1 $18 57. Rd4 (57. Ra2 $18) 57... Rb2 $11 58. Rd2 ({White should play} 58. Rh4 $11) 58... Rb8 $1 {Precision: White = 43%, Black = 44%.} 1/2-1/2

[Event "SC Kreuzberg IM 2018"]
[Site "Berlin"]
[Date "2018.08.05"]
[Round "8.1"]
[White "Brunello, Marina"]
[Black "Kalinitschew, Sergey"]
[Result "0-1"]
[WhiteElo "2280"]
[BlackElo "2430"]
[Annotator "TA"]
[PlyCount "178"]
[EventDate "2018.08.06"]
[EventType "tourn"]
[EventCountry "GER"]
[SourceTitle "playchess.com"]
[Source "ChessBase"]
[SourceQuality "1"]

{[%evp 12,178,38,17,64,35,35,42,41,14,18,0,0,0,20,20,45,20,12,0,2,10,16,0,0,-7,-10,-10,-8,-14,-14,-14,0,-87,-100,-87,-20,-22,0,-30,-23,-155,-9,-8,-4,-25,-18,-23,0,0,0,-32,-16,-67,-56,-61,-38,-41,-39,-44,-44,-44,-44,-44,-43,-44,-36,-44,-44,-44,-44,-70,-70,-77,-70,-70,-70,-83,-70,-70,-44,-70,-70,-70,-70,-77,-79,-91,-70,-92,-70,-70,-44,-44,0,0,0,0,0,0,0,0,0,0,0,0,0,0,0,0,0,0,0,0,0,0,0,0,0,0,0,0,0,0,0,0,0,0,0,0,0,0,0,0,0,0,0,-3,-3,-11,-11,-18,-11,-50,-50,-56,-50,-12851,-29976,-29978,-29976,-29977,-29976,-29976,-29977,-29977,-29978,-29978,-29978,-29978,-29979,-29979,-29979,-29979,-29980,-29980,-29981,-29991,-29992]} 1. e4 e6 2. d4 d5 3. Bd3 c5 4. exd5 exd5 5. Nf3 Nc6 (5... Nf6 6. O-O c4 7. Re1+ Be7 8. Be2 O-O 9. b3 cxb3 10. axb3 Nc6 11. c3 Re8 12. Nbd2 Bd6 13. Bd3 Bg4 14. Rxe8+ Qxe8 {0-1 (52) Fontaine,R (2563)-Carlsen,M (2834) chess.com INT 2018}) 6. O-O {C01: French: Exchange Variation} Nf6 7. c3 {LiveBook: 8 Games} Bd6 8. Re1+ {White is slightly better.} Be6 9. dxc5 Bxc5 10. b4 Bb6 $146 ({Predecessor:} 10... Bd6 11. Ng5 Qd7 12. Bf5 Nd8 13. Qc2 Rc8 14. b5 {0-1 (45) Monastyrev,S (1983)-Ovchinnikov,V Tomsk 2007}) 11. b5 Ne7 12. Nd4 (12. Nbd2 {seems wilder.} O-O 13. Nb3 Ne4 14. Nbd4 Bf5 15. Ba3) 12... Bxd4 (12... O-O {is more complex.} 13. Bg5 Ng6 14. Nd2 Rc8 15. Rc1 Bd7) 13. cxd4 O-O 14. Nd2 Re8 15. Nf3 h6 16. Bf4 Rc8 17. Qd2 Ne4 18. Bxe4 dxe4 19. Rxe4 Bd5 20. Re3 Nf5 $36 {[%mdl 2048] Black fights for an advantage.} 21. Re5 Rxe5 22. Nxe5 (22. dxe5 $11 Bxf3 23. Qxd8+ Rxd8 24. gxf3) 22... f6 $17 23. Ng4 Qe8 (23... Nh4 $17 24. Qd3 Nxg2) 24. Qd3 $11 Qe6 25. h3 Be4 26. Qd1 {[#]} (26. d5 $11) 26... Rc4 (26... Bxg2 $1 $17 {[%mdl 512]} 27. Nxh6+ (27. Kxg2 Qe4+ 28. Kg1 Qxf4 $17) 27... gxh6 28. Qg4+ Kh8 29. Qxg2 Nxd4) 27. Ne3 Rxd4 28. Qb3 Qxb3 29. axb3 Nxe3 30. Bxe3 {[%mdl 4096] Endgame KRB-KRB} Rd5 31. Ra4 {[#] Strongly threatening b6.} Bc2 32. Rd4 ({White should play} 32. Rc4 $11 Bxb3 33. Rb4 Rd1+ 34. Kh2) 32... Rxb5 {White must now prevent ...a5.} 33. b4 a5 34. bxa5 Rxa5 35. Kh2 Ba4 36. Rd8+ Kf7 37. Rc8 Bc6 38. Rc7+ Kg6 39. Bd4 h5 40. Be3 h4 41. Rc8 Kf5 42. Rf8 Rd5 43. Rf7 g5 44. Rf8 Rd7 45. Bb6 Bd5 46. Bd4 Rd6 {And now ...Bxg2! would win.} 47. Bc3 Rc6 48. Bd4 b5 49. Rb8 Bc4 50. Be3 Rd6 51. Bc5 Rd5 52. Bb4 Rd3 53. Rb6 Rb3 54. Bc5 Be6 55. Be7 Rb2 56. Kg1 Rb1+ 57. Kh2 Ke5 58. Ba3 f5 59. Be7 g4 60. hxg4 fxg4 61. Bxh4 b4 62. Bg3+ Kf5 63. Rb5+ Kg6 64. Be5 b3 65. f3 gxf3 66. gxf3 Bc4 67. Rb4 Bd5 68. Kg3 Kf5 69. Bd4 Rf1 70. Bf2 $1 Rc1 71. Bd4 Rd1 72. Kf2 Rh1 73. Ke3 Rh3 74. Rb5 Rxf3+ 75. Kd2 Ke4 76. Bg7 Rf2+ 77. Kc1 Bc4 78. Rb4 Kd3 79. Rxc4 $2 {[%mdl 8192]} (79. Rb7 $15) 79... Kxc4 $15 {KR-KB} 80. Kb1 {Black mates.} Kb4 81. Be5 Ka4 82. Bd4 Re2 83. Bg7 b2 84. Ka2 Kb4 85. Bf6 Kc4 86. Bg7 Kd3 87. Kb1 Re7 88. Bf6 Rb7 89. Bxb2 Kd2 {Precision: White = 54%, Black = 58%.} 0-1

[Event "SC Kreuzberg IM 2018"]
[Site "Berlin"]
[Date "2018.08.05"]
[Round "8.3"]
[White "Meissner, Felix"]
[Black "Muse, Drazen"]
[Result "1-0"]
[WhiteElo "2330"]
[BlackElo "2361"]
[Annotator "TA"]
[PlyCount "205"]
[EventDate "2018.08.06"]
[EventType "tourn"]
[EventCountry "GER"]
[SourceTitle "playchess.com"]
[Source "ChessBase"]
[SourceQuality "1"]

{[%evp 14,205,51,38,66,63,73,44,58,26,40,14,10,15,11,20,36,10,31,8,53,57,63,65,77,18,75,69,62,47,47,47,46,27,50,41,49,44,100,37,37,40,32,40,57,57,57,53,58,48,47,40,40,8,10,9,39,44,72,41,41,41,41,39,61,46,116,114,140,124,147,112,147,145,147,147,147,140,140,140,140,140,133,125,162,155,163,155,155,155,155,155,102,92,92,92,92,92,92,92,92,92,92,92,85,0,180,180,180,180,180,180,180,180,662,180,180,180,180,180,180,180,180,180,180,0,180,180,180,180,180,180,180,180,180,180,6359,6215,5106,5096,3039,2531,4578,6679,29972,29974,29973,29974,29973,29967,29957,0,29968,0,29963,29965,29964,29964,29960,29964,29963,29957,29961,29959,29942,11103,6673,3754,7687,576,6258,5250,7044,7510,2472,2472,29956,4610,4610,12351,4594,2352,1218,1164,704,8,10492,12366,4602,1636,4610,12351,4618,4618]} 1. e4 Nc6 2. d4 d5 3. exd5 Qxd5 4. Nf3 Bg4 5. Be2 e6 6. O-O Nf6 7. h3 {B01: Scandinavian Defence} Bh5 8. c4 {LiveBook: 7 Games} (8. Be3 Be7 9. c4 Qd7 10. Ne5 Nxe5 11. dxe5 Qxd1 12. Bxd1 Bxd1 13. exf6 Bxf6 14. Rxd1 Bxb2 {0-1 (57) Nigmatov,O (2330)-Pridorozhni,A (2575) St Petersburg 2015}) 8... Qd6 9. Be3 {White is slightly better.} Be7 10. Nbd2 O-O 11. Re1 $146 ({Predecessor:} 11. a3 Rfe8 12. Qb3 Bf8 {½-½ (40) Grabarczyk,B (2407)-Commercon,S (2204) Germany 2014}) 11... Rfd8 12. Qb3 Qb4 13. Qc2 Bg6 14. Qc1 Qd6 15. c5 Qd7 16. Bb5 Qc8 17. Bxc6 bxc6 18. Ne5 Qb7 19. Qc4 ({White should play} 19. Nb3 $16) 19... Nd7 (19... Nd5 $11 {keeps the balance.}) 20. Nxg6 $16 hxg6 21. b4 a5 22. bxa5 Rxa5 23. Reb1 Qa7 24. a4 Ra8 25. Rb4 Nf6 (25... Qa6 $14) 26. Nb3 (26. Qb3 $1 $16) 26... Ra6 $1 $14 27. a5 Nd5 28. Rba4 Qb7 29. Bd2 Qb5 30. Nc1 Rb8 31. Nd3 Bf6 32. Qc2 Qb3 33. Ne1 Qxc2 34. Nxc2 Rb5 35. f4 Kf8 36. Kf1 Bh4 37. Ke2 Bg3 38. Rf1 Rb2 39. Rc4 f5 (39... Bh4 $14) 40. Rf3 $16 Bh4 41. Ra3 Be7 42. g3 Ke8 43. Nb4 Nxb4 44. Rxb4 Rxb4 45. Bxb4 {[%mdl 4096] Endgame KRB-KRB} g5 46. Bd2 gxf4 47. Bxf4 Kd7 48. h4 Bf6 49. Be5 Bxe5 50. dxe5 {KR-KR} Ke7 51. Kf3 Kf7 52. h5 $1 g5 53. hxg6+ Kxg6 54. Kf4 Kh5 55. Ra4 Kh6 56. Ke3 Kg6 57. Kd3 Kf7 58. Kc3 Ke7 59. Kb4 ({Better is} 59. Kd4 $16) 59... Ra8 $2 (59... Kd7 $11 {and Black is okay.}) 60. a6 $18 Rb8+ 61. Kc3 Ra8 62. Ra1 Kd7 {intending ...Kc8.} 63. Kd4 Kc8 $2 (63... Ra7 64. Ke3 Ke8) 64. a7 $2 (64. Ke3 Kd7 65. a7) 64... Kd7 65. Ke3 Ke7 66. Kf4 Kf7 67. Ra6 Ke7 68. Kg5 Kf7 69. Kf4 Ke7 70. g4 fxg4 71. Kxg4 Kf7 72. Kf4 Ke7 73. Ra1 Kf7 74. Ra2 Ke7 $2 (74... Kg6 75. Ra6 Kf7) 75. Kg5 Kf7 76. Rf2+ Ke7 77. Rh2 {Intending Rh7+ and mate.} Rxa7 78. Rh7+ Kf8 79. Kf6 {[%cal Rh7h8]} Kg8 80. Rg7+ Kf8 81. Rf7+ Kg8 82. Rg7+ Kf8 $1 83. Rh7 {[%cal Rh7h8]} Kg8 84. Rh1 Ra5 85. Rc1 Ra2 86. Kxe6 Re2 87. Rg1+ Kf8 88. Rf1+ Kg8 89. Rc1 (89. Rd1 $142 Re4 90. Rd7 Rc4 91. Kf6 Rf4+ 92. Ke7 Rf5 93. e6 Rxc5 94. Kf6) 89... Kf8 90. Rc3 Re1 91. Rc4 (91. Rd3 $142 Ke8 92. Rh3) 91... Re2 92. Rf4+ Kg8 93. Kf6 Kf8 94. Rh4 {[%cal Rh4h8]} Ke8 95. Rh8+ (95. Ke6 $142 Kf8 96. Rh7 Ra2 97. Rxc7 Ra5 98. Rxc6 Ra4 99. Rc8+ Kg7 100. c6) 95... Kd7 96. Rh7+ Kd8 97. Rh1 Kd7 {[#]} 98. Rd1+ $1 Ke8 {[#]} 99. Ke6 $2 ({Only move:} 99. Rg1 $1 $18 Kd7 100. Rg7+ Kd8 101. Ke6) 99... Rc2 $2 {[%mdl 8192]} (99... Rh2 $11) 100. Rh1 {[%cal Rh1h8] White is clearly winning.} Kf8 101. Kd7 (101. Rh7 $142 Kg8 102. Rxc7 Rxc5 103. Kf6) 101... Rxc5 102. Rf1+ Kg7 103. e6 {Precision: White = 64%, Black = 51%.} 1-0